| 000 | 01366nam0a22003131 4500 | ||
|---|---|---|---|
| 001 | rc\3645001 | ||
| 005 | 20260408130740.0 | ||
| 021 |
_aRU _bРг40-73 |
||
| 035 | _a(NLR Aleph) 007730793 | ||
| 090 |
_a7052971 _c7052971 |
||
| 100 | _a20130115d1972 |||y0rusy50 ca | ||
| 101 | 0 | _arus | |
| 102 | _aRU | ||
| 105 | _ay z ||||| | ||
| 200 | 1 | _aОптимизация режимов электропотребления на промышленных предприятиях в условиях ограничений | |
| 210 |
_a[Киев _cБ. и. _d1972] |
||
| 215 |
_a14 с. _cграф. _d21 |
||
| 225 | 1 |
_aVII Международная конференция по промышленной энергетике. Киев, 1972, 16-20 август. Проблема I _vДоклад 9 |
|
| 300 | _aРез. на нем., фр. и англ. яз. | ||
| 300 | _aНа 1-й с. авт.: канд. техн. наук В.В. Михайлов | ||
| 320 | _aБиблиогр.: с. 11 | ||
| 700 | 1 |
_aМихайлов _bВ.В. _gВасилий Васильевич |
|
| 712 | 1 | 2 |
_aМеждународная конференция по промышленной энергетике _d7 _f1972 _eКиев _3RU\NLR\AUTH\880501206 _9662244 |
| 801 | 0 |
_aRU _bNLR _gpsbo |
|
| 801 | 1 |
_aRU _bELAR _2rusmarc |
|
| 852 |
_aNLR _j72-6/9520 |
||
| 942 | _cBOOK | ||
| 980 | _aNB | ||